000 00789nam a2200205 i 4500
001 72893
003 ES-MaACL
005 20230906171608.0
007 t|
008 040903s1955 sp d |||| | spa d
080 _a082.2(038)
100 1 _aGoicoechea, Cesáreo.
_957606
245 1 0 _aDiccionario de citas
_b: verdades y semiverdades, axiomas y paradojas, flores del genio y del ingenio de los grandes pensadores, escritores y hombres célebres de todos los tiempos, compilados en 8500 frases y ordenados segúsn sus materias /
_cCesáreo Goicoechea Romano.
250 _a1ª ed., 2ª reimp.
260 _aBarcelona :
_bLabor,
_c1955 (
_fGrijelmo)
300 _aXVI, 716 p. ;
_c23 cm.
500 _aÍndices.
650 4 _aCitas-
_vDiccionarios.
_911062
852 _aES-MaACL
_jC-15391
999 _c72893
_d72893